12 sermons on the passion and death of Christ / (Record no. 7679)
[ view plain ]
| 000 -LEADER | |
|---|---|
| fixed length control field | 00744nam a2200241Ia 4500 |
| 001 - CONTROL NUMBER | |
| control field | 38211209 |
| 003 - CONTROL NUMBER IDENTIFIER | |
| control field | OCoLC |
| 005 - DATE AND TIME OF LATEST TRANSACTION | |
| control field | 20190215152448.0 |
| 008 - FIXED-LENGTH DATA ELEMENTS--GENERAL INFORMATION | |
| fixed length control field | 980116s1971 miu 000 0 eng d |
| 020 ## - INTERNATIONAL STANDARD BOOK NUMBER | |
| International Standard Book Number | 0801079403 |
| 040 ## - CATALOGING SOURCE | |
| Original cataloging agency | PBE |
| Transcribing agency | PBE |
| 082 ## - DEWEY DECIMAL CLASSIFICATION NUMBER | |
| Classification number | 252 |
| Item number | S772s |
| 092 ## - LOCALLY ASSIGNED DEWEY CALL NUMBER (OCLC) | |
| Classification number | 252 |
| Item number | S772T3 |
| 100 1# - MAIN ENTRY--PERSONAL NAME | |
| Personal name | Spurgeon, C. H. |
| Fuller form of name | (Charles Haddon), |
| Dates associated with a name | 1834-1892 |
| 245 10 - TITLE STATEMENT | |
| Title | 12 sermons on the passion and death of Christ / |
| Statement of responsibility, etc. | Charles H. Spurgeon |
| 246 3# - VARYING FORM OF TITLE | |
| Title proper/short title | Twelve sermons on the passion and death of Christ |
| 260 ## - PUBLICATION, DISTRIBUTION, ETC. | |
| Place of publication, distribution, etc. | Grand Rapids, Mich. : |
| Name of publisher, distributor, etc. | Baker Book House, |
| Date of publication, distribution, etc. | 1971 |
| 300 ## - PHYSICAL DESCRIPTION | |
| Extent | 152 p. ; |
| Dimensions | 20 cm |
| 600 00 - SUBJECT ADDED ENTRY--PERSONAL NAME | |
| Personal name | Jesus Christ |
| General subdivision | Passion |
| -- | Sermons |
| 600 00 - SUBJECT ADDED ENTRY--PERSONAL NAME | |
| Personal name | Jesus Christ |
| General subdivision | Crucifixion |
| -- | Sermons |
| 650 #0 - SUBJECT ADDED ENTRY--TOPICAL TERM | |
| Topical term or geographic name entry element | Sermons, English |
| 942 ## - ADDED ENTRY ELEMENTS (KOHA) | |
| Source of classification or shelving scheme | Dewey Decimal Classification |
| Koha item type | Books |
| Withdrawn status | Lost status | Source of classification or shelving scheme | Damaged status | Not for loan | Collection code | Home library | Current library | Shelving location | Date acquired | Cost, normal purchase price | Total Checkouts | Full call number | Barcode | Date last seen | Price effective from | Koha item type |
|---|---|---|---|---|---|---|---|---|---|---|---|---|---|---|---|---|
| Dewey Decimal Classification | Non-fiction | Harvest Mission College | Harvest Mission College | General Stacks | 15.02.2019 | 150.00 | 252 S772s | 008809 | 15.02.2019 | 15.02.2019 | Books |
